书目信息 |
| 题名: |
圣经图画故事 下
|
|
| 作者: | 宁付青等译编 , 王培坤 绘图 | |
| 分册: | ||
| 出版信息: | 桂林 漓江出版社 1991.02 |
|
| 页数: | 共三册 | |
| 开本: | 32开 | |
| 丛书名: | ||
| 单 册: | ||
| 中图分类: | J228.4 | |
| 科图分类: | 1 | |
| 主题词: | 绘画--中国 | |
| 电子资源: | ||
| ISBN: | 7-5407-0650-3 | |
| 000 | 00646nam0 2200217 45 | |
| 001 | 0006200972 | |
| 005 | 20000620091846.4 | |
| 010 | @a7-5407-0650-3@d2.60元 | |
| 100 | @a20000620d1991 km y0chiy0120 ea | |
| 101 | 0 | @achi |
| 105 | @a z 000yy | |
| 200 | 1 | @a圣经图画故事 下@ASheng Jing Tu Hua Gu Shi Xia@f宁付青等译编,王培坤等绘图@FNing Fu Qing Deng Yi Bian,Wang Pei Kun Deng Hui Tu |
| 210 | @a桂林@c漓江出版社@d1991.02 | |
| 215 | @a共三册@d32开 | |
| 606 | 0 | @a绘画@x中国 |
| 690 | @aJ228.4@v3 | |
| 692 | @a1 | |
| 701 | 0 | @a宁付青等译编@4绘图 |
| 701 | 0 | @a王培坤@4绘图 |
| 801 | @aCN@bPftUser@c20000620 | |
| 905 | @dJ228.4@eW405:3@b208271@f1 | |
| 圣经图画故事 下/宁付青等译编,王培坤等绘图.-桂林:漓江出版社,1991.02 |
| 共三册;32开 |
| ISBN 7-5407-0650-3:2.60元 |
| ● |
| 相关链接 |
|
|
|
正题名:圣经图画故事下
索取号:J228.4/W405:3
 
预约/预借
| 序号 | 登录号 | 条形码 | 馆藏地/架位号 | 状态 | 备注 |
| 1 | 208271 | 202082717 | 自科二线404/309社科库 77排3列4层/ [索取号:J228.4/W405:3] | 在馆 |